Makroobozretné aspekty finančného dohľadu a regulácie a systémové riziko
Jednou z najobávanejších udalostí v bankovom sektore je hrozba systémového rizika. Mikro-verzus makroobozretný dohľad a regulácia. Koncept systémového rizika. Monitorovanie a hodnotenie rizík z makroekonomickej perspektívy.
Uložené v:
| Hlavný autor: | |
|---|---|
| Médium: | Kapitola |
| Jazyk: | Slovak |
| Predmet: | |
| Tagy: |
Žiadne tagy, Buďte prvý, kto otaguje tento záznam!
|
MARC
| LEADER | 00000naa a2200000 4500 | ||
|---|---|---|---|
| 001 | 0122437 | ||
| 005 | 20231116090350.3 | ||
| 041 | 0 | |a slo | |
| 044 | |a SK | ||
| 245 | 1 | 0 | |a Makroobozretné aspekty finančného dohľadu a regulácie a systémové riziko |c Marianna Červená |
| 520 | |a Jednou z najobávanejších udalostí v bankovom sektore je hrozba systémového rizika. Mikro-verzus makroobozretný dohľad a regulácia. Koncept systémového rizika. Monitorovanie a hodnotenie rizík z makroekonomickej perspektívy. | ||
| 610 | 2 | 0 | |a podnikanie obozretné |
| 610 | 2 | 0 | |a dohľad bankový |
| 610 | 2 | 0 | |a kríza finančná |
| 610 | 2 | 0 | |a regulácia |
| 610 | 2 | 0 | |a riziko |
| 100 | 1 | |a Červená, Marianna | |